zpět

Detail výsledku týmu

U sv. Filipa a Jakuba, Praha

Datum a čas kvízu

31 Celkem bodů Celkový počet nahraných bodů na tomto kvízu bez doplňovacích otázek.
3. Pořadí na kvízu Konečné umístění týmu na tomto kvízu.

Zaznamenané odpovědi

# Otázka Odpověď Body Výsledky
1. Výmoly a praskliny na královéh... 1
2. Pětačtyřicetiletý pastor, kter... 1
3. Jak se jmenuje Superstar za ro... 1
4. Ruský výrobce minerálních vod... 0
5. Valná hromada českého hokejové... 1
6. Fanoušky na celém světě si po... 1
7. Ke které deskové hře odkazuje... 1
8. Ve hře Osadníci z Katanu je mo... 1
9. Napište název postřehové karet... 0
10. Napište jméno této postavy z k... 1